[Event "AUT-ch U16/18 Girls"]
[Site "St Veit"]
[Date "2023.04.05"]
[Round "6"]
[White "Mohr, Sarah"]
[Black "Eichler, Lara"]
[Result "0-1"]
[WhiteElo "800"]
[BlackElo "800"]
[PlyCount "96"]
[EventDate "2023.04.02"]
[EventType "swiss"]
[EventRounds "7"]
[EventCountry "AUT"]
[SourceTitle "EXT 2024"]
[Source "ChessBase"]
[SourceDate "2023.10.10"]
[SourceVersion "1"]
[SourceVersionDate "2023.10.10"]
[SourceQuality "1"]

1. e4 e5 2. Nf3 Nc6 3. Nc3 Nf6 4. d4 exd4 5. Nxd4 Bb4 6. Nxc6 dxc6 7. Qxd8+ Kxd8 8. Bd3 Re8 9. 0-0 Bxc3 10. bxc3 Nxe4 11. Re1 Nxc3 12. Bb2 Na4 13. Bxg7 h5 14. Rad1 Bd7 15. Bf6+ Kc8 16. Bf5 Rxe1+ 17. Rxe1 Bxf5 18. Re8+ Kd7 19. Rxa8 Ke6 20. Bd4 Bxc2 21. Rxa7 b5 22. Rxc7 Be4 23. f3 Bd5 24. Rc8 Kd6 25. Ra8 Ke6 26. Rh8 c5 27. Be3 Bxa2 28. Rxh5 Kd6 29. f4 b4 30. Kf1 b3 31. Bc1 c4 32. Ra5 Nc3 33. Ke1 Ne4 34. Bb2 c3 35. Bxc3 Nxc3 36. Ra6+ Kc5 37. Ra3 b2 38. Rxc3+ Kb4 39. Rf3 b1Q+ 40. Kf2 Bd5 41. Re3 Qh7 42. Rh3 Qc2+ 43. Kg3 Qxg2+ 44. Kh4 Be6 45. Rg3 Qxh2+ 46. Rh3 Qxh3+ 47. Kg5 Qf5+ 48. Kh6 Qg6# 0-1

[Event "AUT-ch U10 Girls"]
[Site "St Kanzian"]
[Date "2017.06.16"]
[Round "2.5"]
[White "Eichler, Lara"]
[Black "Primus, Sarah"]
[Result "0-1"]
[WhiteElo "800"]
[BlackElo "1019"]
[PlyCount "36"]
[EventDate "2017.06.16"]
[EventType "swiss"]
[EventRounds "7"]
[EventCountry "AUT"]
[SourceTitle "EXT 2024"]
[Source "ChessBase"]
[SourceDate "2023.10.10"]
[SourceVersion "1"]
[SourceVersionDate "2023.10.10"]
[SourceQuality "1"]

1. e4 e5 2. Nf3 Nc6 3. Bc4 Nf6 4. Ng5 d5 5. exd5 Na5 6. d6 Nxc4 7. 0-0 h6 8. Nc3 hxg5 9. Re1 Qxd6 10. d4 e4 11. Rxe4+ Nxe4 12. Nxe4 Qxh2+ 13. Kf1 Qh1+ 14. Ke2 Bg4+ 15. Kd3 Qxd1+ 16. Kc3 Bf5 17. b4 Bxe4 18. Kb3 Qxc2# 0-1